000
00313nam a22001457a 4500
008
210607b ||||| |||| 00| 0 eng d
020
_a
9780534361211
041
_a
eng
080
_2
4th
_a
510
082
_a
510
100
_a
38
101
_a
MAT
245
_a
College Mathematics
_c
S. T. Tan
942
_2
udc
_c
BK
999
_c
58023
_d
58023